[Event "LSS No Engine Cup 224 Preliminary 0"]
[Site "LSS email"]
[Date "2022.01.08"]
[Round "?"]
[White "Potapov, Evgeniy"]
[Black "Sabbatini, Giuseppe"]
[Result "1/2-1/2"]
[WhiteElo "1910"]
[BlackElo "2019"]
[PlyCount "69"]
[EventDate "2022.01.08"]
[EventType "tourn (corr)"]
[EventRounds "6"]
[EventCountry "GER"]
[SourceTitle "Corr 2024"]
[Source "ChessBase"]
[SourceDate "2023.10.19"]
[SourceVersion "1"]
[SourceVersionDate "2023.10.19"]
[SourceQuality "1"]

1. e4 e5 2. Nf3 Nc6 3. Bb5 a6 4. Ba4 Nf6 5. 0-0 Be7 6. Re1 b5 7. Bb3 d6 8. c3 0-0 9. h3 Na5 10. Bc2 c5 11. d4 Qc7 12. Nbd2 Bd7 13. Nf1 cxd4 14. cxd4 Rac8 15. Ne3 Nc6 16. d5 Nb4 17. Bb1 a5 18. a3 Na6 19. b4 Nh5 20. Bd2 g6 21. Bd3 Nf4 22. Bf1 Qd8 23. Ng4 a4 24. Ra2 Nh5 25. Bh6 Re8 26. Qd2 Nf6 27. Nxf6+ Bxf6 28. Rc1 Qb6 29. Rac2 Bg7 30. Be2 Rxc2 31. Rxc2 Rc8 32. Be3 Rxc2 33. Qxc2 Qb7 34. Bd3 Qc7 35. Kf1 1/2-1/2

[Event "LSS No Engine Cup 224 Preliminary 0"]
[Site "LSS email"]
[Date "2022.01.08"]
[Round "?"]
[White "Sabbatini, Giuseppe"]
[Black "Czudek, Bohuslav"]
[Result "1-0"]
[WhiteElo "2019"]
[BlackElo "1737"]
[PlyCount "47"]
[EventDate "2022.01.08"]
[EventType "tourn (corr)"]
[EventRounds "6"]
[EventCountry "GER"]
[SourceTitle "Corr 2024"]
[Source "ChessBase"]
[SourceDate "2023.10.19"]
[SourceVersion "1"]
[SourceVersionDate "2023.10.19"]
[SourceQuality "1"]

1. e4 d6 2. d4 Nf6 3. Nc3 g6 4. Be2 Bg7 5. Nf3 0-0 6. 0-0 e6 7. Be3 h6 8. Qd2 Kh7 9. h3 Nc6 10. Rad1 b6 11. Bf4 Bb7 12. e5 Ne8 13. Qe3 d5 14. h4 a5 15. Bb5 Ne7 16. g4 Ba6 17. Bxa6 Rxa6 18. Kg2 Qc8 19. h5 f5 20. g5 Ng8 21. Rh1 gxh5 22. Rxh5 Kg6 23. gxh6 Kxh5 24. Nh4 1-0

[Event "LSS No Engine Cup 216 Preliminary 0"]
[Site "LSS email"]
[Date "2021.04.11"]
[Round "?"]
[White "Carlsen, Jan"]
[Black "Sabbatini, Giuseppe"]
[Result "1-0"]
[WhiteElo "1600"]
[BlackElo "2027"]
[PlyCount "31"]
[EventDate "2021.04.11"]
[EventType "tourn (corr)"]
[EventRounds "6"]
[EventCountry "GER"]
[SourceTitle "Corr 2024"]
[Source "ChessBase"]
[SourceDate "2023.10.19"]
[SourceVersion "1"]
[SourceVersionDate "2023.10.19"]
[SourceQuality "1"]

1. d4 Nf6 2. c4 g6 3. Nc3 Bg7 4. e4 0-0 5. f4 d6 6. Nf3 c5 7. d5 e6 8. Be2 exd5 9. cxd5 Re8 10. e5 Nfd7 11. Ng5 dxe5 12. f5 gxf5 13. Bh5 Rf8 14. Bxf7+ Rxf7 15. Qh5 Kf8 16. Qxf7# 1-0

[Event "SC-2021-0-00401"]
[Site "LSS email"]
[Date "2021.03.17"]
[Round "?"]
[White "Sabbatini, Giuseppe"]
[Black "Knoeppel, Bjoern"]
[Result "1/2-1/2"]
[WhiteElo "1671"]
[BlackElo "1763"]
[PlyCount "52"]
[EventDate "2020.11.02"]
[EventType "tourn (corr)"]
[EventRounds "6"]
[EventCountry "GER"]
[SourceTitle "Corr 2024"]
[Source "ChessBase"]
[SourceDate "2023.10.19"]
[SourceVersion "1"]
[SourceVersionDate "2023.10.19"]
[SourceQuality "1"]

1. e4 c5 2. Nf3 d6 3. d4 cxd4 4. Nxd4 Nf6 5. Nc3 a6 6. Bg5 e6 7. Be2 Qc7 8. Bxf6 gxf6 9. Qd2 Rg8 10. g3 Nc6 11. 0-0-0 Nxd4 12. Qxd4 b5 13. a3 Qc5 14. Qd3 b4 15. axb4 Qxb4 16. f4 Rb8 17. b3 Bd7 18. f5 Qa3+ 19. Kb1 a5 20. Qc4 Be7 21. fxe6 fxe6 22. Qc7 Kf7 23. Bh5+ Kg7 24. Qxd7 Rxb3+ 25. cxb3 Qxb3+ 26. Ka1 Qxc3+ 1/2-1/2

[Event "LSS No Engine Cup 205 Final"]
[Site "LSS email"]
[Date "2021.01.24"]
[Round "?"]
[White "Sabbatini, Giuseppe"]
[Black "Oliveira, Luiz"]
[Result "1-0"]
[WhiteElo "2047"]
[BlackElo "1846"]
[PlyCount "99"]
[EventDate "2021.01.24"]
[EventType "tourn (corr)"]
[EventRounds "6"]
[EventCountry "GER"]
[SourceTitle "Corr 2024"]
[Source "ChessBase"]
[SourceDate "2023.10.19"]
[SourceVersion "1"]
[SourceVersionDate "2023.10.19"]
[SourceQuality "1"]

1. e4 c5 2. Nf3 d6 3. d4 cxd4 4. Nxd4 Nf6 5. Nc3 a6 6. Nf3 Nbd7 7. Bd3 e6 8. 0-0 Be7 9. Qe2 0-0 10. a4 b6 11. h3 Bb7 12. Bf4 Qc7 13. Rfd1 Rfd8 14. Rac1 Nc5 15. b4 Ncd7 16. Na2 Ne5 17. Nxe5 dxe5 18. Bd2 Rac8 19. Kh2 Rd7 20. f3 Rcd8 21. Be3 Nh5 22. Qf2 Rd6 23. a5 bxa5 24. bxa5 Qxa5 25. Rb1 R6d7 26. Bb6 Qxa2 27. Bxd8 Bxd8 28. Qa7 Bc6 29. Qc5 Qa4 30. Rb4 Qa3 31. Qxc6 Qxb4 32. Qxd7 Bg5 33. Qc8+ Qf8 34. Bxa6 Bf4+ 35. Kg1 Be3+ 36. Kh2 Bf4+ 37. Kg1 Be3+ 38. Kf1 Qxc8 39. Bxc8 g6 40. Rd7 Ng3+ 41. Ke1 Nh5 42. Ba6 Kg7 43. Rc7 Nf4 44. Kf1 Bb6 45. Rc6 Bd4 46. c3 Be3 47. Bb5 h5 48. c4 f5 49. Rc7+ Kf6 50. c5 1-0

[Event "LSS No Engine Cup 212 Preliminary 0"]
[Site "LSS email"]
[Date "2021.01.05"]
[Round "?"]
[White "Vicoli, Giordano"]
[Black "Sabbatini, Giuseppe"]
[Result "1-0"]
[WhiteElo "2000"]
[BlackElo "2049"]
[PlyCount "85"]
[EventDate "2021.01.05"]
[EventType "tourn (corr)"]
[EventRounds "6"]
[EventCountry "GER"]
[SourceTitle "Corr 2022"]
[Source "ChessBase"]
[SourceDate "2021.10.24"]
[SourceVersion "1"]
[SourceVersionDate "2021.10.24"]
[SourceQuality "1"]

1. d4 Nf6 2. Nf3 d5 3. c4 dxc4 4. e3 e6 5. Bxc4 a6 6. 0-0 Nbd7 7. a4 b6 8. Nc3 Bb7 9. Qe2 Bb4 10. Bd3 0-0 11. e4 c5 12. e5 cxd4 13. exf6 dxc3 14. fxg7 Kxg7 15. bxc3 Bxc3 16. Ra3 Rc8 17. Rxc3 Rxc3 18. Bb2 Qf6 19. Nd2 Nc5 20. Nb1 Bf3 21. Qe3 Nxd3 22. Bxc3 e5 23. Qxd3 Bb7 24. f4 Kg8 25. fxe5 Qg6 26. Qd2 Rc8 27. h3 h5 28. Kh2 b5 29. Rf6 Qxg2+ 30. Qxg2+ Bxg2 31. Kxg2 bxa4 32. Rxa6 Rc4 33. Rd6 Rc8 34. Rd4 Ra8 35. Na3 Kh7 36. Kg3 Rb8 37. Rb4 Rc8 38. Bb2 Ra8 39. Kh4 Kg6 40. Rb6+ Kf5 41. Rf6+ Ke4 42. Rxf7 Rb8 43. e6 1-0

[Event "LSS No Engine Cup 197 Final"]
[Site "LSS email"]
[Date "2020.10.07"]
[Round "?"]
[White "Sabbatini, Giuseppe"]
[Black "Schulz, Hans Juergen"]
[Result "1/2-1/2"]
[WhiteElo "2083"]
[BlackElo "1848"]
[PlyCount "57"]
[EventDate "2020.10.07"]
[EventType "tourn (corr)"]
[EventRounds "6"]
[EventCountry "GER"]
[SourceTitle "Corr 2022"]
[Source "ChessBase"]
[SourceDate "2021.10.24"]
[SourceVersion "1"]
[SourceVersionDate "2021.10.24"]
[SourceQuality "1"]

1. e4 e5 2. Nf3 Nc6 3. Bc4 Nf6 4. 0-0 Nxe4 5. Nc3 Nxc3 6. dxc3 h6 7. Re1 d6 8. Nd4 Ne7 9. Qf3 d5 10. Bb5+ c6 11. Rxe5 cxb5 12. Bf4 Bd7 13. Rae1 Qb6 14. Qxd5 0-0-0 15. Qxf7 Qf6 16. Qxf6 gxf6 17. Rxe7 Bxe7 18. Rxe7 Rhe8 19. Rxe8 Rxe8 20. f3 h5 21. Kf2 a6 22. g3 Bh3 23. Be3 Rh8 24. b3 Kd7 25. Ne2 Bf5 26. Bd4 Rh6 27. Be3 Rh8 28. Bd4 Rh6 29. Be3 1/2-1/2

[Event "LSS No Engine Cup 197 Final"]
[Site "LSS email"]
[Date "2020.10.07"]
[Round "?"]
[White "Schleef, Harald"]
[Black "Sabbatini, Giuseppe"]
[Result "1-0"]
[WhiteElo "2264"]
[BlackElo "2083"]
[PlyCount "91"]
[EventDate "2020.10.07"]
[EventType "tourn (corr)"]
[EventRounds "6"]
[EventCountry "GER"]
[SourceTitle "Corr 2022"]
[Source "ChessBase"]
[SourceDate "2021.10.24"]
[SourceVersion "1"]
[SourceVersionDate "2021.10.24"]
[SourceQuality "1"]

1. e4 e5 2. Nf3 Nf6 3. Nxe5 d6 4. Nf3 Nxe4 5. Nc3 Nxc3 6. dxc3 Be7 7. Be3 0-0 8. Qd2 Nd7 9. 0-0-0 Nf6 10. Bd3 c5 11. Rhe1 Be6 12. Bg5 d5 13. Qf4 b5 14. Qh4 h6 15. Bxh6 Ne4 16. Qh5 Nf6 17. Qg5 Ne8 18. Qe3 c4 19. Be4 Nf6 20. Bxg7 Nxe4 21. Qh6 Bg5+ 22. Nxg5 Qxg5+ 23. Qxg5 Nxg5 24. Bxf8 Kxf8 25. f4 Ne4 26. f5 a5 27. fxe6 fxe6 28. h4 b4 29. Rd4 Ke7 30. Rdxe4 dxe4 31. Rxe4 bxc3 32. bxc3 Rc8 33. Kd2 a4 34. a3 Kf6 35. Rf4+ Kg7 36. g4 e5 37. Rf5 Rd8+ 38. Ke2 Re8 39. h5 Rb8 40. Rxe5 Rb1 41. Ra5 Rc1 42. Ke3 Rxc2 43. Kd4 Rg2 44. g5 Rg4+ 45. Ke3 Kf7 46. g6+ 1-0

[Event "LSS No Engine Cup 207 Preliminary 0"]
[Site "LSS email"]
[Date "2020.09.16"]
[Round "?"]
[White "Mueller Toepler, Michael"]
[Black "Sabbatini, Giuseppe"]
[Result "1/2-1/2"]
[WhiteElo "2021"]
[BlackElo "2079"]
[PlyCount "65"]
[EventDate "2020.09.16"]
[EventType "tourn (corr)"]
[EventRounds "6"]
[EventCountry "GER"]
[SourceTitle "Corr 2022"]
[Source "ChessBase"]
[SourceDate "2021.10.24"]
[SourceVersion "1"]
[SourceVersionDate "2021.10.24"]
[SourceQuality "1"]

1. c4 e5 2. Nc3 Nf6 3. Nf3 Nc6 4. e3 Be7 5. h3 d5 6. d4 exd4 7. exd4 0-0 8. a3 Re8 9. Be3 Na5 10. c5 Nc4 11. Bxc4 dxc4 12. Rc1 Nd5 13. 0-0 Nxc3 14. Rxc3 b6 15. Re1 Be6 16. Ne5 bxc5 17. Nxc4 cxd4 18. Bxd4 c5 19. Be5 Qxd1 20. Rxd1 Red8 21. Nd6 Rab8 22. Rcd3 Rb3 23. R3d2 Kf8 24. Ne4 Rxd2 25. Rxd2 f5 26. Ng3 Kf7 27. Nf1 g5 28. Bc3 Rb6 29. Rc2 Bb3 30. Rc1 h5 31. Nh2 g4 32. hxg4 fxg4 33. Nf1 1/2-1/2